Aspectos impositivos de las nuevas normas contables. A propósito de la RT 26 y las NIIF (normas internacionales de información financiera) (Registro nro. 20395)
[ vista simple ]
| 000 -LEADER | |
|---|---|
| fixed length control field | 00457 a2200121 4500 |
| 001 - CONTROL NUMBER | |
| control field | ART_53032 |
| 005 - DATE AND TIME OF LATEST TRANSACTION | |
| control field | 20260410161759.0 |
| 008 - FIXED-LENGTH DATA ELEMENTS--GENERAL INFORMATION | |
| fixed length control field | 260409a |
| 100 1# - MAIN ENTRY--PERSONAL NAME | |
| Personal name | García, Fernando D. |
| 245 10 - TITLE STATEMENT | |
| Title | Aspectos impositivos de las nuevas normas contables. A propósito de la RT 26 y las NIIF (normas internacionales de información financiera) |
| 700 1# - ADDED ENTRY--PERSONAL NAME | |
| Personal name | Luppi, Hugo Alberto |
| 773 0# - HOST ITEM ENTRY | |
| Title | Doctrina tributaria |
| Related parts | - Nº 353 (ago. 2009) |
| Record control number | REV4296 |
No hay ítems disponibles.